Statistiques concernant Pays les plus proches - Choix Multiple

Cliquez ici pour prendre le quiz!

Statistiques générales

  • Ce quiz a été pris 3 644 fois
  • Le résultat moyen est 9 sur 20

Statistiques - réponses

QuestionRéponse% Correct
DjiboutiÉrythrée
64%
FranceAutriche
60%
MarocPortugal
59%
BarbadeSainte-Lucie
56%
SuisseMonaco
53%
CanadaRussie
52%
PakistanTadjikistan
48%
IsraëlLiban
47%
Nouvelle-ZélandeAustralie
44%
GhanaCôte d'Ivoire
44%
TurquieBulgarie
43%
RwandaEthiopie
41%
PologneHongrie
39%
IrlandeFrance
37%
BrésilÉquateur
36%
KenyaSoudan
35%
ChineTaïwan
35%
Viêt-NamIndonésie
30%
SerbieTurquie
19%
PalaosViêt Nam
12%

Distribution des résultats

Percentile par nombre de réponses

% des personnes avec chaque résultat

Votre développement - résultats

Vous n’avez pas pris ce quiz